00576nam a2200133Ia 4500008004100000100002600041245014000067260002900207300001700236650001500253856008200268999001900350952007300369160712s9999 xx 000 0 und d aVillareal, Corazon D. cCorazon D. Villareala“Is the Hydra the Enemy?” A Review of English Language as Hydra: Its Impacts on Non-English Language Cultures c2012bHumanities Diliman avol. 9 no. 2 xHUMANITIES uhttp://journals.upd.edu.ph/index.php/humanitiesdiliman/issue/view/387/showToc c297427d297427 001040aCLbCLd2016-07-12l0r2016-07-12 00:00:00w2016-07-12yFEJ